000 01492nam a2200361 i 4500
001 41068
003 Mx-PuUPA
005 20250319155549.0
008 140415s2015 sp gr 001 0 spa d
017 _aM-11.001-2015
020 _a9788497153201
040 _aMx-PuUPA
_cMx-PuUPA
_bspa
_dMx-PuUPA
_erda
041 1 _aspa
_hund
100 0 _aBasil,
_cSaint, Bishop of Caesarea,
_dapproximately 329-379
_eautor
_91195
245 1 0 _aReglas morales /
_cBasilio de Cesarea ; traducción, introducción y notas de Alberto C. Capboscq
264 1 _aMadrid, España :
_bEditorial Ciudad Nueva,
_c2015
300 _a236 páginas ;
_c21 cm
336 _2rdacontent
_atexto
_btxt
337 _2rdamedia
_asin medio
_bn
338 _2rdacarrier
_avolumen
_bnc
490 0 _aBiblioteca de Patrística ;
_v98
600 0 4 _aBasilio, Santo, Obispo de Cesarea,
_yaproximadamente 329-379
_xRegla
_xCrítica textual
650 7 _2armarc
_aMonasticismo
_xÓrdenes religiosas
_xReglas
_yObras anteriores a 1800
650 7 _2armarc
_aAscetismo
_yObras anteriores a 1800
650 7 _2armarc
_aAscetismo
_ySiglo IV
650 7 _2armarc
_aTeología moral
_yObras anteriores a 1800
650 7 _2armarc
_aPadres de la Iglesia
_ySiglo IV
700 1 _aCapboscq, Alberto C.,
_etraductor
_eautor de introducción y notas
942 _2ddc
_cLI
_h248.47
_iB2718
999 _c41068
_d41068